Vállalatvezetöi magatartás és hatékonyság - tulajdonjogi megközelítés.

Uplatnenie vlastníckych práv v teórii a praxi riadenia podniku. Efektívnosť riadenia. Možnosti delenia vlastníckych a riadiacich kompetencií. Riadenie súkromných firiem, akciových spoločností, družstiev, ako aj štátnych podnikov. Zainteresovanosť vedenia podniku na zisku. Úloha managerov v zvyšovaní...

ver descrição completa

Na minha lista:
Detalhes bibliográficos
Autor principal: Esö, P.
Outros Autores: Hamecz, I.
Formato: Capítulo de Livro
Idioma:húngaro
Assuntos:
Tags: Adicionar Tag
Sem tags, seja o primeiro a adicionar uma tag!

MARC

LEADER 00000naa a2200000 4500
001 r004882
005 20221125113809.8
041 0 |a hun 
044 |a HU 
245 1 0 |a Vállalatvezetöi magatartás és hatékonyság - tulajdonjogi megközelítés.  |c P. Esö, I. Hamecz 
520 |a Uplatnenie vlastníckych práv v teórii a praxi riadenia podniku. Efektívnosť riadenia. Možnosti delenia vlastníckych a riadiacich kompetencií. Riadenie súkromných firiem, akciových spoločností, družstiev, ako aj štátnych podnikov. Zainteresovanosť vedenia podniku na zisku. Úloha managerov v zvyšovaní efektívnosti riadenia a výšky zisku. 
610 2 0 |a riadenie podnikové 
610 2 0 |a manažment 
610 2 0 |a pracovníci riadiaci 
610 2 0 |a spoločnosti akciové 
610 2 0 |a podnik štátny 
610 2 0 |a podnik súkromný 
610 2 0 |a zisk podnikový 
610 2 0 |a družstvá 
610 2 0 |a zainteresovanosť hmotná 
100 1 |a Esö, P. 
700 1 |a Hamecz, I.